Evaluating the impact of the OFT's consumer enforcement case against Foxtons in respect of commission terms in letting agreements (Record no. 112492)

MARC details
000 -LEADER
fixed length control field 01115cad a22002295a 4500
001 - CONTROL NUMBER
control field L153393
008 - FIXED-LENGTH DATA ELEMENTS--GENERAL INFORMATION
fixed length control field 110720s2011 xxk f 000 0 eng d
035 ## - SYSTEM CONTROL NUMBER
System control number (Sirsi) u153393
041 0# - LANGUAGE CODE
Language code of text/sound track or separate title eng
110 2# - MAIN ENTRY--CORPORATE NAME
Corporate name or jurisdiction name as entry element Office of Fair Trading
9 (RLIN) 1355
245 00 - TITLE STATEMENT
Title Evaluating the impact of the OFT's consumer enforcement case against Foxtons in respect of commission terms in letting agreements
Medium [electronic resource]
260 ## - PUBLICATION, DISTRIBUTION, ETC.
Place of publication, distribution, etc. London
Name of publisher, distributor, etc. OFT
Date of publication, distribution, etc. 2011
505 2# - FORMATTED CONTENTS NOTE
Formatted contents note Executive summary -- Introduction and background -- Evidence on impacts of Foxton case -- Consumer benefits -- Conclusions
520 ## - SUMMARY, ETC.
Summary, etc. Evaluates the impact of Office of Fair Trade (OFT) v Foxtons (L147997) with a view to estimating the benefits delivered to consumers.
590 ## - LOCAL NOTE (RLIN)
Local note KA
650 24 - SUBJECT ADDED ENTRY--TOPICAL TERM
Topical term or geographic name entry element UNFAIR TERMS IN CONSUMER CONTRACTS REGULATIONS 1999
650 24 - SUBJECT ADDED ENTRY--TOPICAL TERM
Topical term or geographic name entry element OFFICE OF FAIR TRADING V FOXTONS LTD
651 #4 - SUBJECT ADDED ENTRY--GEOGRAPHIC NAME
Geographic name ENGLAND AND WALES
690 ## - LOCAL SUBJECT ADDED ENTRY--TOPICAL TERM (OCLC, RLIN)
Topical term or geographic name as entry element PROPERTY-PROPERTY MANAGEMENT-MANAGING AGENTS
856 40 - ELECTRONIC LOCATION AND ACCESS
Uniform Resource Identifier <a href="https://www.oft.gov.uk/shared_oft/reports/Evaluating-OFTs-work/OFT1346eval.pdf">https://www.oft.gov.uk/shared_oft/reports/Evaluating-OFTs-work/OFT1346eval.pdf</a>
Public note View the item free of charge at www.oft.gov.uk
942 ## - ADDED ENTRY ELEMENTS (KOHA)
Suppress in OPAC 0
Holdings
Withdrawn status Lost status Source of classification or shelving scheme Damaged status Not for loan Home library Current library Shelving location Date acquired Total Checkouts Full call number Barcode Date last seen Copy number Price effective from Koha item type
    Dewey Decimal Classification     Virtual Virtual Online 20/07/2011   ONLINE PUBLICATION 153393-2001 06/08/2019 1 06/08/2019 Book